Logo BPK

Biblioteka

Politechniki Koszalińskiej

Programowanie w Turbo Pascalu 7.0 : (Rekord nr 36754)

Szczegóły MARC
000 -ETYKIETA REKORDU
podpole kontrolne o stałej długości 00555nam a2200205 i 4500
001 - NUMER KONTROLNY REKORDU
pole kontrolne bg
020 ## - MIĘDZYNARODOWY ZNORMALIZOWANY NUMER KSIĄŻKI - ISBN
ISBN 8371010443
040 ## - ŹRÓDŁO KATALOGOWANIA
Instytucja, która utworzyła rekord BPK
041 0# - KOD JĘZYKA
Kod języka tekstu pl
080 ## - UNIWERSALNA KLASYFIKACJA DZIESIĘTNA - UKD
UKD 004.438(07)PASCAL
920 ## - Międzynarodowy znormalizowany numer książki – ISBN
ISBN 83-7101-044-3
008 - POLE O STAŁEJ DŁUGOŚCI - DANE KONTROLNE
podpole kontrolne o stałej długości s pl f |000 0 pol
100 1# - NAZWA OSOBOWA
Nazwa osobowa BUCZKOWSKI, Leszek
245 10 - TYTUŁ/ODPOWIEDZIALNOŚĆ
Tytuł Programowanie w Turbo Pascalu 7.0 :
Ciąg dalszy tytułu podręcznik dla początkujących /
Pozostałe elementy strefy tytułu i oznaczenia odpowiedzialności Leszek Buczkowski.
260 ## - STREFA ADRESU WYDAWNICZEGO
Miejsce wydania Warszawa :
Nazwa wydawcy/dystrybutora "PLJ",
Data publikacji, dystrybucji/powstania dokumentu 1993.
300 ## - STREFA OPISU FIZYCZNEGO
Objętość 294 s. ;
Rozmiary 24 cm +
Dokument towarzyszący dyskietka.
650 #9 - HASŁO PRZEDMIOTOWE W FORMIE NAZWY OGÓLNEJ LUB JEDNOSTKOWEJ
Nazwa ogólna lub geograficzna PASCAL
655 ## - TERMIN INDEKSOWY - OKREŚLENIE RODZAJU/FORMY DOKUMENTU
Określenie rodzaju/formy dokumentu Podręczniki
856 ## - LOKALIZACJA I DOSTĘP DO ELEKTRONICZNYCH DOKUMENTÓW ZDALNYCH
Link (URL) http://koha.tu.koszalin.pl/cgi-bin/koha/opac-detail.pl?biblionumber=36754
Tekst linku Katalog online BPK
942 ## - DODATKOWE ELEMENTY (KOHA)
Typ dokumentu Książka
Egzemplarze
Wycofany Status egzemplarza Uszkodzony Dostępność Lokalizacja stała Lokalizacja bieżąca Miejsce przechowywania Sygnatura Kod kreskowy Typ dokumentu
      Dostępny Biblioteka Politechniki Koszalińskiej Biblioteka Politechniki Koszalińskiej Wypożyczalnia BG 51619 01465563 Książka
© 2023 Biblioteka Politechniki Koszalińskiej :: KOHA